Statistics for Rhyming Movie Titles

Click here to take the quiz!

General Stats

  • This quiz has been taken 75 times
  • The average score is 13 of 16

Answer Stats

HintAnswer% Correct
The ___ in the HatCat
100%
Kill ____Bill
99%
_____ PocusHocus
97%
_______ CreepersJeepers
94%
Blast from the ____Past
94%
Fright _____Night
90%
______ the MenaceDennis
88%
Planes, ______, & AutomobilesTrains
87%
Pain & ____Gain
81%
I Am ___Sam
80%
____ SteelReal
71%
____ MikeLike
70%
The Bling ____Ring
65%
Don ___Jon
55%
___ HighSky
55%
Be Kind ______Rewind
42%

Score Distribution

Percentile by Number Answered

Percent of People with Each Score

Your Score History

You have not taken this quiz